Bilecik Bilecik Bilecik Bilecik Bilecik

Küresel ısınma/ (Record no. 68355)

MARC details
000 -BAŞLIK
Sabit Uzunluktaki Kontrol Alanı 01096nam a22003617a 4500
001 - KONTROL NUMARASI
Control Dosyası 0067784
003 - KONTROL NUMARASI KİMLİĞİ
Kontrol Alanı KOHA_MİRAKIL
005 - EN SON İŞLEM TARİHİ ve ZAMANI
Kontrol Alanı 20260207004726.0
007 - FİZİKSEL TANIM SABİT ALAN - GENEL BİLGİ
Sabit uzunluklu kontrol alanı ta
008 - SABİT UZUNLUKTAKİ VERİ ÖGELERİ - GENEL BİLGİ
Sabit Alan 221123s20112017tu |||gr||||#||||0|tur |
020 ## - ISBN - ULUSLARARASI STANDART KİTAP NUMARASI
Isbn 9789752984455
040 ## - KATALOGLAMA KAYNAĞI
Özgün Kataloglama Kurumu TR-BiSEU
Kataloglama Dili tur
Çeviri Kurumu TR-BiSEU
Açıklama Kuralları rda
041 0# - DİL KODU
Metin ya da ses kaydının dil kodu tur
044 ## - YAYINLAYAN/ÜRETEN KURULUŞUN ÜLKE KODU
ISO country code tu
050 ## - SINIFLAMA ve YER NUMARASI
Sınıflama Numarası QC981.8.G56
Yer Numarası M37 2011
100 1# - KİŞİ ADI
Yazar Adı (Kişi adı) Maslin, Mark.
245 1# - ESER ADI BİLDİRİMİ
Başlık Küresel ısınma/
Sorumluluk Bildirimi Mark Maslin ; Mark Maslin; Türkçesi Sinem Gül..
264 #1 - ÜRERİM, YAYIN, DAĞITIM ve TELİF BİLDİRİMİ
Yayın yeri Ankara :
Yayınlayan Dost Kitabevi,
Yayın tarihi 2011.
-- 2017
300 ## - FİZİKSEL TANIMLAMA
Sayfa, Cilt vb. 198 sayfa: resimli; 17 cm.
336 ## - İÇERİK TÜRÜ
Content type term metin
Content type code txt
Source rdacontent
337 ## - MEDYA TÜRÜ
Media type term aracısız
Media type code n
Source rdamedia
338 ## - TAŞIYICI TÜRÜ
Carrier type term cilt
Carrier type code nc
Source rdacarrier
490 1# - DİZİ BİLDİRİMİ
Dizi Bildirimi Kültür Kitaplığı ;
Cilt Numarası 104.
490 1# - DİZİ BİLDİRİMİ
Dizi Bildirimi Bilim ;
Cilt Numarası 4.
500 ## - GENEL NOT
Genel Not Özgün eser adı: Global warming.
650 #0 - KONU BAŞLIĞI EK GİRİŞ - KONU TERİMİ
Konusal terim veya coğrafi ad Küresel ısınma.
9 (RLIN) 23011
650 #0 - KONU BAŞLIĞI EK GİRİŞ - KONU TERİMİ
Konusal terim veya coğrafi ad Global warming.
9 (RLIN) 24509
650 #0 - KONU BAŞLIĞI EK GİRİŞ - KONU TERİMİ
Konusal terim veya coğrafi ad İklim değişiklikleri.
9 (RLIN) 46693
650 #0 - KONU BAŞLIĞI EK GİRİŞ - KONU TERİMİ
Konusal terim veya coğrafi ad Climatic changes.
9 (RLIN) 46691
830 1# - SERİ EK GİRİŞİ - TEKBİÇİM ESER ADI
Tekbiçim Başlık Kültür Kitaplığı ;
Volume number/sequential designation 104.
9 (RLIN) 91807
830 1# - SERİ EK GİRİŞİ - TEKBİÇİM ESER ADI
Tekbiçim Başlık Bilim ;
Volume number/sequential designation 4.
9 (RLIN) 43727
942 ## - EK GİRİŞ ÖGELERİ (KOHA)
Source of classification or shelving scheme Library of Congress Classification
Koha item type Book
Holdings
Materyal Türü Kalıcı Konum Mevcut Konum Raf Yeri Sınıflandırma Kaynağı Edinim Bilgisi Ana Konular Alt Konular Yer Numarası Demirbaş Numarası Fatura Tarihi Geri Çekilme Durumu Kayıp Durumu Hasarlı Durumu Kredi için değil Kayıt Tarih Toplam Ödünçverme Son Görülme Tarihi Son Kontrol Tarihi
Book Prof. Dr. Azmi Özcan Kütüphanesi Prof. Dr. Azmi Özcan Kütüphanesi Birûni Salonu Library of Congress Classification Satın BİLİM Fizik QC981.8.G56 M37 2011 0067784 02/02/2026         23/11/2022   06/03/2025 06/03/2025